Tilastot visalle Kymmenen pohjoisinta megapolia

Klikkaa tästä pelataksesi tätä visaa!

Yleistilastot

  • Tätä visaa on pelattu 572 kertaa
  • Keskiarvotulos 6 / 10

Vastaustilastot

LeveyspiiriKaupunki% Oikein
55,76Moskova
95%
51,51Lontoo
85%
40,71New York
83%
48,86Pariisi
82%
35,69Tokio
81%
39,91Peking
78%
37,56Soul
50%
41,01Istanbul
45%
35,69Teheran
22%
39,14Tianjin
15%

Tulosjakauma

Persentiili vastausten määrän mukaan

Jokaisen tuloksen saaneiden osuus

Tuloshistoriasi

Et ole pelannut tätä visaa